000 00972nam a2200217Ii 4500
003 JO-AjNU
008 230605s9999||||xx |||||||||||||| ||und||
020 _a2-84452-011-1
040 _aJO-AjNU
_bara
_erda
_cJO-AjNU
041 _aara
050 1 4 _aHD1398.A65.M37.2000
100 3 _aمركز الدراسات العربي الأوروبي ,
_eauthor
_937726
245 0 0 _aالأمن المائي العربي : أعمال المؤتمر الدولي الثامن الذي نظمه مركز الدراسات العربي-الأوروبي من 21 إلى 3 شباط عام 2000 في القاهرة
250 _aط1
264 3 1 _aبيروت:مركز الدراسات العربي الاوربي،2000
300 _a640ص
_bيحتوي على ببلوغرافية من ص 634-640ص
336 _atext
_btxt
_2rdacontent
337 _aunmediated
_bn
_2rdamedia
338 _avolume
_bnc
_2rdacarrier
650 4 _aالامن المائي-البلاد العربية
_937727
999 _aA15789
_c19357
_d19357